| 000 | 00900nam a2200397Ia 4500 | ||
|---|---|---|---|
| 001 | 12673 | ||
| 003 | 24795 | ||
| 005 | 20240712160205.0 | ||
| 008 | ||||||n9999 ||| || || | ||
| 041 | _afre | ||
| 082 |
_219 _a322.1 |
||
| 100 |
_aLatreille, Andre _920966 |
||
| 245 | 0 |
_aLes forces religieuses et la vie politique _ble catholicisme et le protestantisme |
|
| 260 |
_aFrancia : _bArmand Colin, _c1951. |
||
| 300 | _a216p | ||
| 562 | _e1 | ||
| 650 |
_aPOLĂTICAS _920967 |
||
| 650 |
_aPROTESTANTISMO _919022 |
||
| 650 |
_aRELIGIONES _920968 |
||
| 942 | _cBKM | ||
| 999 |
_c12673 _d12673 |
||
| 526 | _a102618 | ||
| 526 | _a15794 | ||
| 526 | _a102619 | ||
| 526 | _a102620 | ||
| 526 | _a10406 | ||
| 526 | _a105630 | ||
| 526 | _a1698 | ||
| 526 | _a116204 | ||
| 526 | _a4969 | ||
| 526 | _a19790 | ||
| 526 | _a104436 | ||
| 526 | _a5144 | ||
| 526 | _a51868 | ||
| 526 | _a1703 | ||
| 526 | _a1697 | ||